Văn minh tinh thần Xingapo

Bewaard in:
Bibliografische gegevens
Hoofdauteurs: Hoàng Văn Tuấn, Lê Quảng Ba
Andere auteurs: Nguyễn Vinh Quang
Formaat: Sách giấy
Taal:Vietnamese
Gepubliceerd in: Hà Nội : Chính trị Quốc gia , 1997
Tags: Voeg label toe
Geen labels, Wees de eerste die dit record labelt!
Thư viện lưu trữ: Thư viện Trường Đại học Đà Lạt
LEADER 00618nam a2200265 4500
001 DLU020010648
005 ##12/1/1999
041 # # |a vie 
082 # # |a 303.3  |b Van 
090 # # |a 303.3  |b Van 
100 # # |a Hoàng Văn Tuấn 
100 # # |a Lê Quảng Ba 
245 # # |a Văn minh tinh thần Xingapo 
260 # # |a Hà Nội :  |b Chính trị Quốc gia ,  |c 1997 
300 # # |a 329 tr.;   |c 19 cm. 
700 # # |a Nguyễn Vinh Quang 
992 # # |a 19500 
994 # # |a DLU 
900 # # |a False 
911 # # |a Administrator 
925 # # |a G 
926 # # |a A 
927 # # |a SH 
980 # # |a Thư viện Trường Đại học Đà Lạt